Guess the Queen Song by a Lyric - Statistics

General Stats
  • This quiz has been taken 3,774 times
  • The average score is 12 of 19
Answer Stats
Lyrics Title % Correct
"Is this the real life? Is this just fantasy?" Bohemian Rhapsody
97%
"I've paid my dues, time after time. I've done my sentence, but committed no crime." We Are The Champions
92%
"She keeps her Moet et Chandon in her pretty cabinet" Killer Queen
86%
"Buddy you're a boy make a big noise, playin' in the street gonna be a big man some day" We Will Rock You
82%
"Steve walks warily down the street with the brim pulled way down low" Another One Bites the Dust
80%
"Tonight, I'm gonna have myself a real good time. I feel alive and the world I'll turn it inside out, yeah" Don't Stop Me Now
80%
"Ooh, each morning I get up I die a little, can barely stand on my feet" Somebody to Love
72%
"Are you gonna take me home tonight? Ah, down beside that red firelight" Fat Bottomed Girls
71%
"It's the terror of knowing what the world is about, watching some good friends screaming, 'Let me out!' " Under Pressure
70%
"I'd sit alone and watch your light, my only friend through teenage nights" Radio Ga Ga
68%
"I gotta be cool, relax, get hip, and get on my track's" Crazy Little Thing Called Love
63%
"Ooh you make me live, whatever this world can give to me" You're My Best Friend
61%
"It's strange but it's true, yeah. I can't get over the way you love me like you do" I Want To Break Free
60%
"You say black I say white, you say bark I say bite" Bicycle Race
55%
"One man one goal one mission, one heart one soul just one solution" One Vision
50%
"One dream, one soul, one prize, one goal, one golden glance of what should be" A Kind Of Magic
44%
"He's for everyone of us, stand for everyone of us. He'll save with a mighty hand" Flash's Theme
31%
"I'm a man with a one track mind, so much to do in one lifetime" I Want It All
30%
"You got red lips, snakes in your eyes. Long legs, great thighs" Body Language
16%
No matching quizzes found
Score Distribution
Percent of People with Each Score
Percentile by Number Answered
Your Score History
You have not taken this quiz